000 00575nam a2200169Ia 4500
008 140609s9999 xx 000 0 und d
020 _a9789715502320
050 _aDS 674
_b.Il35 1979
100 _aIleto, Reynaldo Clemeña.
245 _aPasyon and Revolution :
_bpopular movements in the Philippines /
_cReynaldo Clemeña Ileto,
260 _aQuezon, Philippines :
_bAteneo de Manila University Press,
_cc1979.
300 _a280 p. :
_bill. ;
_c22 cm.
500 _ancludes bibliographical references and index.
521 _aGE
942 _kLOC
_cBK
999 _c118252
_d118252